Entry Personal Name
Number of records used in: 1
001 - CONTROL NUMBER
003 - CONTROL NUMBER IDENTIFIER
005 - DATE AND TIME OF LATEST TRANSACTION
- control field:
20231206143011.0
008 - FIXED-LENGTH DATA ELEMENTS
- fixed length control field:
030529n| azannaabn |a aaa c
010 ## - LIBRARY OF CONGRESS CONTROL NUMBER
- LC control number:
no2003052703
- Canceled/invalid LC control number:
no2012052395
035 ## - SYSTEM CONTROL NUMBER
- System control number:
(OCoLC)oca06061272
040 ## - CATALOGING SOURCE
- Original cataloging agency:
OkU
- Language of cataloging:
eng
- Transcribing agency:
OkU
- Modifying agency:
DLC
- Modifying agency:
DLC
- Description conventions:
rda
100 1# - HEADING--PERSONAL NAME
- Personal name:
Bhagavan, Manu Belur,
- Dates associated with a name:
1970-
372 ## - FIELD OF ACTIVITY
- Field of activity:
Historiography
- Source of term:
lcsh
373 ## - ASSOCIATED GROUP
- Associated group:
Hunter College
374 ## - OCCUPATION
- Occupation:
College teachers
- Source of term:
lcsh
375 ## - GENDER
377 ## - ASSOCIATED LANGUAGE
400 0# - SEE FROM TRACING--PERSONAL NAME
- Personal name:
Manu Belur Bhagavan,
- Dates associated with a name:
1970-
400 1# - SEE FROM TRACING--PERSONAL NAME
- Control subfield:
nne
- Personal name:
Bhagavan, Manu
670 ## - SOURCE DATA FOUND
- Source citation:
Sovereign spheres, 2003:
- Information found:
t.p. (Manu Bhagavan)
670 ## - SOURCE DATA FOUND
- Source citation:
OCLC, 5/29/2003:
- Information found:
(hdg.: Bhagavan, Manu Belur, 1970-; usage: Manu Belur Bhagavan)
670 ## - SOURCE DATA FOUND
- Source citation:
Claiming power from below, 2008:
- Information found:
t.p. (Manu Bhagavan) jkt. (asst. prof., Dept. of Hist., Hunter Coll., the City U. of New York, USA)
670 ## - SOURCE DATA FOUND
- Source citation:
The peacemakers, c2012:
- Information found:
t.p. (Manu Bhagavan) jacket (associate professor, Dept. of Hist., Hunter Coll. & the Graduate Center, the City University of New York; lives in New York)
670 ## - SOURCE DATA FOUND
- Source citation:
His India and the quest for one world, 2013:
- Information found:
ECIP title page (Manu Bhagavan) data view (Bhagavan, Manu; born December 25, 1970)